| 000 | 00758nam a2200229 a 4500 | ||
|---|---|---|---|
| 999 |
_c1499 _d1499 |
||
| 001 | 1499 | ||
| 003 | BD-JhCC | ||
| 005 | 20171023120452.0 | ||
| 008 | 171021s1993 bg |||| ||a| 001 0 ben d | ||
| 020 | _a9840727117 | ||
| 035 | _a(BD-JhCC) 1499 | ||
| 040 |
_aBD-JhCC _dBD-JhCC |
||
| 041 | _aben | ||
| 082 |
_a891.4409 _bZAM 1993 |
||
| 100 | _aমাসুদুজ্জামান | ||
| 245 |
_aবাংলাদেশ ও পশ্চিম বাংলার কবিতা: তুলনামূলক ধারা / _cমাসুদুজ্জামান |
||
| 260 |
_aঢাকা : _bবাংলা একাডেমী, _c1993 |
||
| 300 |
_a367 p .: _c22cm . |
||
| 650 | _aBengali Poetry | ||
| 942 |
_2ddc _cBK |
||